FIFA 20 - Portuguese Player Names - Statistics

General Stats
  • This quiz has been taken 387 times
  • The average score is 9 of 12
Answer Stats
Surname Name % Correct
Figo Luis
99%
Ronaldo Cristiano
98%
Fernandes Bruno
96%
Cancelo João
96%
Félix João
96%
Dias Ruben
93%
Moutinho João
92%
Patrício Rui
86%
Silva Bernardo
84%
Guerreiro Raphael
83%
Quaresma Ricardo
81%
Sanches Renato
80%
Semedo Nelson
78%
Pereira Ricardo
75%
Costa Rui
69%
Guedes Gonçalo
67%
Fonte Jose
64%
Rui Mario
58%
Gomes Andre
55%
Pereira Danilo
54%
Carvalho William
49%
Martins Gelson
47%
Almeida Andre
45%
Rocha Luis
44%
Paixão Flavio
5%
No matching quizzes found
Score Distribution
Percent of People with Each Score
Percentile by Number Answered
Your Score History
You have not taken this quiz